| 000 | 00913 a2200313 4500 | ||
|---|---|---|---|
| 999 |
_c18854 _d5554 |
||
| 001 | 18854 | ||
| 003 | TR-AnTOB | ||
| 005 | 20240809103110.0 | ||
| 008 | 041102s2000 tu tur | ||
| 020 | _a9753531907 | ||
| 040 |
_aTR-AnTOB _cTR-AnTOB |
||
| 041 | _atur | ||
| 050 |
_aHM35 _b.E75 2000 |
||
| 090 | _aHM35 .E75 2000 | ||
| 100 |
_aErkal, Mustafa E. _97093 |
||
| 245 | 0 |
_aİktisadi kalkınmanın kültür temelleri / _cMustafa E. Erkal. |
|
| 250 | _a5. bs. | ||
| 264 | 1 |
_aİstanbul : _bDer Yayınevi, _c2000 |
|
| 300 |
_ax, 229 p. ; _c21 cm. |
||
| 490 | 0 |
_aDer Yayınevi, no. _a266 |
|
| 504 | _aIncludes bibliographies. | ||
| 651 | 0 |
_aGelişmekte olan ülkeler _xEkonomi politikası _9108812 |
|
| 651 | 0 |
_aTürkiye _xEkonomik durum _980633 |
|
| 651 | 7 |
_aTürkiye _xEkonomi politikası _2 _911070 |
|
| 651 |
_aGelişmekte olan ülkeler _xEkonomik durum _938104 |
||
| 902 | _a0002853 | ||
| 942 |
_cBK _2lcc |
||